000 00628nam a2200193 i 4500
001 35390
003 ES-MaACL
005 20230906155123.0
007 t|
008 030212s1972 sp ||||1| spa d
100 1 _aBosé, Lucía.
_930681
245 1 0 _aPoemas de Somosaguas /
_cLucía Bosé ; [versión castellana: Terenci Moix ; reportaje gráfico: Alfonso Viada, Gigi Corbetta].
260 _a[Madrid] :
_bEdiciones 99,
_c[1972]
300 _a199 p. :
_bil. ;
_c22 cm.
700 1 _aMoix, Terenci.
_981822
700 1 _aViada, Alfonso.
_9114254
700 1 _aCorbetta, Gigi.
_940464
852 _aES-MaACL
_jC-49337
_bR.84298
999 _c35390
_d35390